আধুনিক বাংলা কবিতা : প্রাসঙ্গিকতা ও পরিপ্রেক্ষিত / (Record no. 2065)
[ view plain ]
| 000 -LEADER | |
|---|---|
| fixed length control field | 00788nam a2200217 a 4500 |
| 001 - CONTROL NUMBER | |
| JCCL Control Number | 2065 |
| 003 - CONTROL NUMBER IDENTIFIER | |
| JCCL marc code | BD-JhCC |
| 005 - DATE AND TIME OF LATEST TRANSACTION | |
| control field | 20171029130547.0 |
| 008 - FIXED-LENGTH DATA ELEMENTS--GENERAL INFORMATION | |
| fixed length control field | 171029s1985 bg |||| ||a| 001 0 ben d |
| 035 ## - SYSTEM CONTROL NUMBER | |
| system control number | (BD-JhCC)2065 |
| 040 ## - CATALOGING SOURCE | |
| Original cataloging agency | BD-JhCC |
| Modifying agency | BD-JhCC |
| 041 ## - LANGUAGE CODE | |
| Language code of Book | ben |
| 082 ## - DEWEY DECIMAL CLASSIFICATION NUMBER | |
| Classification number | 891.4415 |
| Author mark and Year | MON 1985 |
| 100 ## - MAIN ENTRY--PERSONAL NAME | |
| Personal name | মনিরুজ্জামান, মোহাম্মদ |
| 245 ## - TITLE STATEMENT | |
| Title | আধুনিক বাংলা কবিতা : প্রাসঙ্গিকতা ও পরিপ্রেক্ষিত / |
| Statement of responsibility, etc | মোহাম্মদ মনিরুজ্জামান |
| 260 ## - PUBLICATION, DISTRIBUTION, ETC. (IMPRINT) | |
| Place of publication, distribution, etc | ঢাকা : |
| Name of publisher, distributor, etc | ঢাকা বিশ্ববিদ্যালয়, |
| Date of publication, distribution, etc | 1985. |
| 300 ## - PHYSICAL DESCRIPTION | |
| Pagination | 273 p. : |
| Dimensions | 22 cm. |
| 650 ## - SUBJECT ADDED ENTRY--TOPICAL TERM | |
| Topical term or geographic name as entry element | Bengali Poetry |
| 942 ## - ADDED ENTRY ELEMENTS (KOHA) | |
| Source of classification or shelving scheme | Dewey Decimal Classification |
| Koha item type | Books |
| Source of classification or shelving scheme | Damaged status | Not for loan | Home library | Current library | Shelving location | Date of accession | Cost, normal purchase price | Total Checkouts | Full call number | Barcode | Date last seen | Copy number | Koha item type |
|---|---|---|---|---|---|---|---|---|---|---|---|---|---|
| Dewey Decimal Classification | JCC Rouf Library | JCC Rouf Library | General Stacks | 10/29/2017 | 50.00 | 891.4415 MON 1985 | 3525 | 10/29/2017 | C-1 | Books |